Gramática política de la teoría feminista : ¿por qué las historias importan? /

Guardado en:
Autor Principal: Hemmings, Clare
Otros Autores: Rozanski, Mónica, trad.
Formato: Libro
Publicado: Buenos Aires : Prometeo Libros, 2018
Materias:
Etiquetas: Agregar Etiqueta
Sin Etiquetas, Sea el primero en etiquetar este registro!
LEADER 00661nam a22001935a 4500
001 EHU.bham045721
008 130507s2018##################000#0#####d
005 20240912095607.0
245 1 0 |a Gramática política de la teoría feminista :  |b ¿por qué las historias importan? /  |c Clare Hemmings ; trad. por Mónica Rozanski. 
260 |a Buenos Aires :  |b Prometeo Libros,  |c 2018 
300 |a 288 p. 
020 |a 9789875749337 
100 1 |a Hemmings, Clare 
700 1 |a Rozanski, Mónica, trad. 
082 3 0 |a 305.42 H375 
653 |a Feminismo 
653 |a Género-estudios de 
653 |a Sexualidad 
859 |a AR-BHAM  |b BIB. HUMANIDADES - General  |h 305.42  |i H375  |p 3839.19  |t Ej.1